| 000 | 00627nam a22002057a 4500 | ||
|---|---|---|---|
| 999 |
_c18683 _d18683 |
||
| 003 | AR-CdUCM | ||
| 008 | 190515b ||||| |||| 00| 0 spa d | ||
| 040 |
_aMUNICIPALIDAD PROVINCIAL DEL CUSCO _cBIBLIOTECA MUNICIPAL DEL CUSCO |
||
| 082 |
_a985.02 / _bP85 |
||
| 100 |
_aPrescott, William H. _939419 |
||
| 245 | _aHistory of the conquest of Perú / | ||
| 260 |
_aNew York : _bMentor Books, _c1961. |
||
| 300 |
_a416 páginas ; _c18 cm. |
||
| 505 | _aContenido: History of the conquest. | ||
| 650 |
_aHIstoria _92113 |
||
| 650 |
_aPerú _935 |
||
| 650 |
_aConquista _91045 |
||
| 942 |
_2ddc _cLIBROS |
||
| 945 |
_adavv _d2019-05-15 |
||